Rede af der forval-farsamlung fun di veyler staliner val-krayz fun der shtot Moskve (Запись № 11604816)

Подробности
000 -МАРКЕР
контрольное поле 02000nam0a22003611 4500
001 - ИДЕНТИФИКАТОР ЗАПИСИ
контрольное поле RU\NLR\Evr\4405
005 - ИДЕНТИФИКАТОР ВЕРСИИ
контрольное поле 20251202160538.0
035 ## - ДРУГИЕ СИСТЕМНЫЕ НОМЕРА
Идентификатор записи (NLR Aleph) 011420786
100 ## - ДАННЫЕ ОБЩЕЙ ОБРАБОТКИ
Данные общей обработки 20110731d1940 u y0rusy50 ca
101 0# - ЯЗЫК РЕСУРСА
Язык текста, звукозаписи и т.д. идиш
102 ## - СТРАНА ПУБЛИКАЦИИ ИЛИ ПРОИЗВОДСТВА
Страна публикации российская федерация
105 ## - ПОЛЕ КОДИРОВАННЫХ ДАННЫХ: ТЕКСТОВЫЕ МАТЕРИАЛЫ, МОНОГРАФИЧЕСКИЕ
Кодированные данные о монографическом текстовом документе y |||||||||
200 1# - ЗАГЛАВИЕ И СВЕДЕНИЯ ОБ ОТВЕТСТВЕННОСТИ
Связь между полями a01
Графика поля Латинская
Основное заглавие Rede af der forval-farsamlung fun di veyler staliner val-krayz fun der shtot Moskve
Сведения, относящиеся к заглавию Dem 11-tn dekaber 1937 yor in Groysn teater
Первые сведения об ответственности I.V. Stalin
210 ## - ПУБЛИКАЦИЯ, РАСПРОСТРАНЕНИЕ И ДР.
Связь между полями a01
Место издания, распространения и т.д. Moskve
Имя издателя, распространителя и т. д. Der emes
Дата издания, распространения и т.д. 1940
Графика поля Латинская
210 ## - ПУБЛИКАЦИЯ, РАСПРОСТРАНЕНИЕ И ДР.
Связь между полями a01
-- z02
Место издания, распространения и т.д. מאָסקווע
Имя издателя, распространителя и т. д. דער עמעס
Дата издания, распространения и т.д. 1940
210 ## - ПУБЛИКАЦИЯ, РАСПРОСТРАНЕНИЕ И ДР.
-- z02
Место издания, распространения и т.д. Москва
Имя издателя, распространителя и т. д. Дер эмес
Дата издания, распространения и т.д. 1940
Графика поля Кириллица
215 ## - ФИЗИЧЕСКАЯ ХАРАКТЕРИСТИКА
Специфическое обозначение материала и объем 15 с.
Размеры 14 см.
300 ## - ОБЩИЕ ПРИМЕЧАНИЯ
Текст примечания На книге имеются пометы и штампы, позволяющие предположить, что она находилась в Отделе специального хранения ГПБ
510 1# - ПАРАЛЛЕЛЬНОЕ ЗАГЛАВИЕ
Связь между полями a01
Параллельное заглавие רעדע אפ דער פאָרוואל-פארזאמלונג פונ די וויילער פונעמ סטאלינער וואל-קרייז פונ דער שטאָט מאָסקווע
Сведения, относящиеся к заглавию דעמ 11-טנ דעקאבער 1937 יאָר אינ גרויסנ טעאטער
-- י.וו. סטאלינ
541 1# - ПЕРЕВОД ЗАГЛАВИЯ, СДЕЛАННЫЙ КАТАЛОГИЗАТОРОМ
Заглавие Речь на предвыборном собрании Сталинского избирательного округа города Москвы 11-го декабря 1937 г. в Большом Театре
Язык заглавия русский
700 #1 - ИМЯ ЛИЦА - ПЕРВИЧНАЯ ОТВЕТСТВЕННОСТЬ
Связь между полями a01
Начальный элемент ввода Сталин
Часть имени, кроме начального элемента ввода И.В.
Даты 1879-1953
Расширение инициалов личного имени Иосиф Виссарионович
Идентификатор авторитетной/нормативной записи RU\NLR\AUTH\7949564
Код отношения Автор
Графика поля Кириллица
790 #1 - ИМЯ ЛИЦА - АЛЬТЕРНАТИВНАЯ ФОРМА
Связь между полями a01
Начальный элемент ввода Stalin
Часть имени, кроме начального элемента ввода I.V.
Даты 1879-1953
Расширение инициалов личного имени Iosif Vissarionovitsh
Код отношения Автор
Графика поля Латинская
790 #1 - ИМЯ ЛИЦА - АЛЬТЕРНАТИВНАЯ ФОРМА
Связь между полями a01
Начальный элемент ввода סטאלין
Часть имени, кроме начального элемента ввода .י.וו
Даты 1879-1953
Расширение инициалов личного имени יוסף וויסאריאָנאָוויטש
Код отношения Автор
801 #0 - ИСТОЧНИК ЗАПИСИ
Страна российская федерация
Организация NLR
Дата составления 20110731
Правила каталогизации psbo
801 #0 - ИСТОЧНИК ЗАПИСИ
Страна российская федерация
Организация NLR
Правила каталогизации PSBO
801 #1 - ИСТОЧНИК ЗАПИСИ
Страна российская федерация
Организация NLR
Дата составления 20110731
Источник данных rusmarc
801 #2 - ИСТОЧНИК ЗАПИСИ
Страна российская федерация
Организация NLR
Дата составления 20110731
Источник данных rusmarc
852 ## - МЕСТОНАХОЖДЕНИЕ И ШИФР ХРАНЕНИЯ
Идентификатор организации NLR
Наименование фонда или коллекции (Sub-Location Identifier) ОЛСАА/идиш
Шифр хранения (Call Number) 1-17
942 ## - ДОПОЛНИТЕЛЬНЫЕ ЭЛЕМЕНТЫ ЗАПИСИ (АБИС)
Тип экземпляра АБИС Книга
980 ## - КОЛЛЕКЦИЯ
Название коллекции Национальная библиография
980 1# - КОЛЛЕКЦИЯ
Название коллекции Издания на идише из фонда ОЛСАА

Нет доступных экземпляров.